000 00461nam a2200181Ia 4500
005 20230111114936.0
008 131103s9999 xx 000 0 und d
040 _aLoreto College
041 _aEnglish
082 _a814.3
_bEME
100 _aEmerson,Ralph Waldo
245 _aEssays
_cRalph Waldo Emerson
260 _aNew York
_bCarlton House
_c[19 - ?]
300 _a384 p.
650 _aAmerican Essays - 19th Century
850 _aLCLIB
942 _cBK
999 _c12120
_d62599